00397nam a2200157Ia 45000010006000000050017000060080041000230410008000640820016000721000025000882450068001132600009001813000033001906500008002236540008002311780820260306171544.0260306s9999||||xx |||||||||||||| ||und|| aESP a658.23bM48 aMeyers, Fred E.eAUT 0aDiseño de instalaciones de manufactura y manejo de materiales c2006 axvi, 508 páginas :c23 cm. aGEN aCAN